| 000 | 00617nai a2200181Ia 4500 | ||
|---|---|---|---|
| 003 | IN-BaIIA | ||
| 008 | 211028c9999 xx s 000 0 eng d | ||
| 022 | _a2096-1529 (Print) | ||
| 040 | _cIIA Library | ||
| 245 | 0 |
_aChinese Journal of Electrical Engineering _h[eJournal] |
|
| 260 |
_aUSA _bCMP |
||
| 310 | _aQuarterly | ||
| 362 | _a1(1); 2015 - Present | ||
| 521 | _bSubscribed through National Knowledge Resource Consortium (NKRC) | ||
| 650 |
_aPower, Energy and Industry Applications _948801 |
||
| 856 |
_uhttps://ieeexplore.ieee.org/servlet/opac?punumber=7873788 _yClick Here to Access eJournal |
||
| 942 | _cEJ | ||
| 999 |
_c34179 _d34179 |
||